000 01127nam a2200349 a 4500
001 3697
003 FISKH
005 20250709095757.0
008 940927s1994 nyua j 000 1 eng d
010 _a 94233657
020 _a0590484192 (pbk.) :
020 _a9780545215800
035 _a(OCoLC)31184938
040 _aUM
_cUM
_dDLC
_beng
042 _alccopycat
_alcac
050 0 0 _aPZ7.B7633
_bClf 1994
082 0 4 _a[E]
_220
100 1 _aBridwell, Norman.
245 1 0 _aClifford the firehouse dog /
_cNorman Bridwell.
260 _aNew York :
_bScholastic,
_c1994.
300 _a32 unnumbered pages :
_bColor illustrations ;
_c21 cm
500 _aIn logo on cover: Clifford, the big red dog.
505 _aJ
520 _aWhen Emily Elizabeth and Clifford visit Clifford's brother, Nero, a fire rescue dog, Clifford demonstrates fire safety and helps to put out a fire.
521 8 _a470
_bLexile
521 8 _aJ
_bRaz-Plus
650 1 _aDogs
_xFiction.
650 1 _aFire extinction
_xFiction.
906 _a7
_bcbc
_ccopycat
_d3
_encip
_f19
_gy-gencatlg
942 _2ddc
_cBK
_n0
999 _c3697
_d3697